000 00658nam a2200205Ia 4500
003 OSt
005 20240223110513.0
008 240214t1954||||xx |||||||||||||| ||und||
040 _aODONTO
_bspa
_cODONTO
_dODONTO
041 _aeng
082 _a612.311 J53I
100 0 1 _aJenkins, G. Neil
_97038
245 4 _aThe physiology of the mouth /
_cG. Neil Jenkins. --
260 _aOxford :
_bBlackwell Scientific Publications Oxford,
_c1954.
300 _a288 p. :
_bil. ;
_c22 cm.
650 0 2 _aFisiología bucal
_97039
650 0 2 _aBioquímica bucal
_97040
650 0 2 _aTejidos
_9460
942 _aBiblioteca de la Facultad de Odontología
_cBK
_n0
_k612.311 J53I
_2ddc
999 _c2380
_d2380